000 00669nam a2200229 a 4500
001 60625
003 BD-RjUL
005 20211209080850.0
008 170102s1983 enka b 001 0 eng
020 _a0566022362
035 _a(BD-RjUL)60749
040 _aDLC
_cDLC
_dDLC
_dBD-RjUL
_beng
041 _aeng
082 0 0 _a658.1511
_223
_bHAN 1983
245 0 0 _aHandbook of management accounting /
_cedited by David Fanning.
260 _aEngland :
_bGower,
_cc1983.
300 _axxiii, 471 p. :
_bill. ;
_c24 cm.
500 _aIncludes index.
650 0 _aManagerial accounting.
_9175029
700 1 _aFanning, David Christopher edited by
_9180596
942 _2ddc
_cBK
999 _c60625
_d60625